Vývoj nákladového hodnocení apretace odlitků (IV. etapa) : projekt XV : sborník přednášek : seminář XIV, UNEX Uničov, 25.3.2015 /

Korporativní autor: Vývoj nákladového hodnocení apretace odlitků (projekt)
Další autoři: Kafka, Václav, 1942-, Brázda, Zdeněk, DSB EURO (firma)
Jazyk: Čeština
Vydáno: Brno : Česká slévárenská společnost, 2015
Vydání: Vyd. 1.
Témata:
Fyzický popis: 65 s. : il. (převážně barev.) ; 30 cm + 1 CD-ROM
Knihy
Uloženo v:
LEADER 02073nam a2200517 a 4500
001 nkc20152681559
003 CZ PrNK
005 20150522073554.0
007 ta
008 150303s2015 xr a f 100 0 cze
015 |a cnb002681559 
020 |a 978-80-02-02590-0  |q (Český svaz vědeckotechnických společností :  |q brož.) 
035 |a (OCoLC)908821672 
040 |a BOA001  |b cze 
072 7 |a 621  |x Strojírenství  |2 Konspekt  |9 19 
080 |a 621.74  |2 MRF 
080 |a 33  |2 MRF 
080 |a 669-14-034.14  |2 MRF 
080 |a 338.58  |2 MRF 
080 |a (047.31)  |2 MRF 
110 2 |a Vývoj nákladového hodnocení apretace odlitků (projekt)  |7 kn20130411006 
245 1 0 |a Vývoj nákladového hodnocení apretace odlitků (IV. etapa) :  |b projekt XV : sborník přednášek : seminář XIV, UNEX Uničov, 25.3.2015 /  |c koordinátor Václav Kafka ; řešitelé Zdeněk Brázda ... [et al.] 
250 |a Vyd. 1. 
260 |a Brno :  |b Česká slévárenská společnost,  |c 2015 
300 |a 65 s. :  |b il. (převážně barev.) ;  |c 30 cm +  |e 1 CD-ROM 
500 |a Pod názvem: DSB EURO, s.r.o., Blansko ... et al. 
500 |a Seminář k projektu 
500 |a 30 výt. 
504 |a Obsahuje bibliografii 
650 0 7 |a slévárenství  |7 ph125708  |x ekonomické aspekty  |2 czenas 
650 0 7 |a ocelové odlitky  |7 ph123647  |2 czenas 
650 0 7 |a náklady  |7 ph115498  |2 czenas 
650 0 9 |a founding  |x economic aspects  |2 eczenas 
650 0 9 |a steel castings  |2 eczenas 
650 0 9 |a costs  |2 eczenas 
655 7 |a výzkumné zprávy  |7 fd131869  |2 czenas 
655 9 |a research reports  |2 eczenas 
700 1 |a Kafka, Václav,  |d 1942-  |7 mzk2003171556  |4 orm 
700 1 |a Brázda, Zdeněk  |7 jo2014815740  |4 aut 
710 2 |a DSB EURO (firma)  |7 mzk2010572454 
910 2 |a BOA001  |b 4-1345.353 
990 |a BK 
995 |a 01 
991 |b 201504  |c NOV  |e n 
996 6 |b 2610628393  |c 4-1345.353  |l MZK  |r Sklad / do 1 hodiny  |n 1  |p p.v.  |w 001498918  |u 000010  |a 1  |e BOA001  |j MZK50  |s P 
996 7 |b 2610628394  |c 4-1345.353  |l MZK  |r Sklad / do 1 hodiny  |n 0  |p dar  |w 001498918  |u 000020  |a 1  |e BOA001  |j MZK50  |s A